Pays du monde par les deux dernières lettres uniquement - Statistiques

Statistiques générales
  • Ce quiz a été pris 3 693 fois
  • Le résultat moyen est 101 sur 196
Réponses sur la Carte
Les réponses sont colorées sur une échelle allant du rouge au vert en fonction du pourcentage des utilisateurs qui les ont devinées à leur premier essai. Vous pouvez retrouver ces pourcentages ci-dessous.
 
Statistiques - réponses
Pays % Correct
Taïwan
89%
Turkménistan
89%
Birmanie
87%
Bosnie-Herzégovine
86%
Royaume-Uni
86%
République Tchèque
85%
Papouasie-Nouvelle- Guinée
84%
République Centrafricaine
84%
Albanie
83%
Algérie
83%
Arménie
83%
Australie
83%
Biélorussie
83%
Bolivie
83%
Bulgarie
83%
Colombie
83%
Croatie
83%
Estonie
83%
États Fédérés de Micronésie
83%
Éthiopie
83%
Gambie
83%
Géorgie
83%
Hongrie
83%
Indonésie
83%
Italie
83%
Jordanie
83%
Lettonie
83%
Lituanie
83%
Malaisie
83%
Mauritanie
83%
Moldavie
83%
Mongolie
83%
Namibie
83%
Roumanie
83%
Russie
83%
Sainte-Lucie
83%
Serbie
83%
Slovaquie
83%
Slovénie
83%
Somalie
83%
Syrie
83%
Tanzanie
83%
Tunisie
83%
Turquie
83%
Zambie
83%
Allemagne
82%
Argentine
82%
Chine
82%
Espagne
82%
Macédoine du Nord
82%
Pologne
82%
République Dominicaine
82%
Sierra Leone
82%
Ukraine
82%
Antigua-et-Barbuda
79%
Canada
79%
Émirats Arabes Unis
79%
France
79%
Grèce
79%
Maurice
79%
Ouganda
79%
Pays-Bas
79%
Rwanda
79%
États-Unis
77%
Soudan du Sud
77%
Barbade
75%
Cap-Vert
75%
Finlande
75%
Grenade
75%
Inde
75%
Irlande
75%
Islande
75%
Nouvelle-Zélande
75%
Suède
75%
Thaïlande
75%
Belgique
72%
Dominique
72%
Jamaïque
72%
Mexique
72%
Mozambique
72%
Afghanistan
71%
Azerbaïdjan
71%
Bhoutan
71%
Brésil
71%
Iran
71%
Kazakhstan
71%
Kirghizistan
71%
Liban
71%
Oman
71%
Ouzbékistan
71%
Pakistan
71%
Soudan
71%
Tadjikistan
71%
Vatican
71%
Trinité-et-Tobago
61%
Chili
59%
Mali
59%
Népal
58%
Portugal
58%
Sénégal
58%
Timor Oriental
58%
Arabie Saoudite
55%
Égypte
55%
Malte
55%
Afrique du Sud
51%
Corée du Sud
51%
Cambodge
50%
Norvège
50%
Maroc
46%
Danemark
44%
Gabon
43%
Îles Salomon
43%
Japon
43%
Madagascar
43%
Qatar
43%
Angola
41%
Guatemala
41%
Pérou
41%
Venezuela
41%
Burkina Faso
37%
Libye
37%
Suriname
37%
Botswana
34%
Ghana
34%
Guyana
34%
Saint-Christophe- et-Niévès
34%
République Démocratique du Congo
33%
République du Congo
33%
Togo
33%
Paraguay
29%
Uruguay
29%
Costa Rica
28%
Corée du Nord
26%
Comores
25%
Maldives
25%
Philippines
25%
Seychelles
25%
Eswatini
24%
Niger
24%
Panama
24%
Saint-Vincent-et-les- Grenadines
24%
Suisse
24%
Tchad
24%
Viêt Nam
24%
Yémen
24%
Irak
23%
Équateur
22%
Singapour
22%
Bahamas
21%
Honduras
21%
Liberia
21%
Nigeria
21%
Sao Tomé-et-Principe
21%
Andorre
20%
Chypre
20%
Côte d'Ivoire
20%
Cuba
17%
Laos
16%
Palaos
16%
Bahreïn
15%
Bénin
15%
Érythrée
15%
Guinée
15%
Liechtenstein
15%
Saint-Marin
15%
Autriche
13%
Djibouti
13%
Haïti
13%
Kiribati
13%
Nauru
13%
Nicaragua
13%
Guinée Équatoriale
12%
Salvador
12%
Belize
11%
Sri Lanka
11%
Cameroun
10%
Guinée-Bissau
9%
Kenya
9%
Lesotho
8%
Bangladesh
7%
Zimbabwe
7%
Israël
6%
Koweït
6%
Monaco
6%
Monténégro
6%
Vanuatu
6%
Fidji
4%
Tonga
4%
Brunei
3%
Îles Marshall
3%
Kosovo
3%
Luxembourg
3%
Malawi
3%
Samoa
3%
Tuvalu
3%
Burundi
2%
Aucun quiz correspondant
Distribution des résultats
% des personnes avec chaque résultat
Percentile par nombre de réponses
Votre historique - résultats
Vous n’avez pas pris ce quiz